000 00284nam a2200109Ia 4500
008 201216s9999 xx 000 0 und d
100 _aRobbins, Stephen P.
245 0 _aManagement Concepts & Practices
260 _aEgngle Wood Cliffs. USA
_bPrenrice Hall
300 _a375
942 _cBK
999 _c6518
_d6518